书目信息 |
| 题名: |
自动控制理论
|
|
| 作者: | 李素玲 主编 | |
| 分册: | ||
| 出版信息: | 北京 机械工业出版社 2022.07 |
|
| 页数: | 14, 358页 | |
| 开本: | 26cm | |
| 丛书名: | ||
| 单 册: | ||
| 中图分类: | TP13 | |
| 科图分类: | ||
| 主题词: | 自动控制理论--zi dong kong zhi li lun--高等学校--教材 | |
| 电子资源: | ||
| ISBN: | 978-7-111-70982-4 | |
| 000 | 01040nam0 2200265 450 | |
| 001 | 011025150554 | |
| 005 | 20221025150554.0 | |
| 010 | @a978-7-111-70982-4@dCNY79.00 | |
| 100 | @a20201004d2022 em y0chiy50 ea | |
| 101 | 0 | @achi |
| 102 | @aCN@b110000 | |
| 105 | @aa z 000yy | |
| 106 | @ar | |
| 200 | 1 | @a自动控制理论@Azi dong kong zhi li lun@dAutomatic control theory@f李素玲主编@zeng |
| 205 | @a第2版 | |
| 210 | @a北京@c机械工业出版社@d2022.07 | |
| 215 | @a14, 358页@c图, 照片@d26cm | |
| 300 | @a21世纪高等院校电气信息类系列教材省级精品课程配套教材立体化·新形态教材机工教育 | |
| 330 | @a本书以经典控制理论为主,介绍了自动控制的基本理论与应用。全书共分8章,包括控制系统的数学模型、时域分析法、根轨迹分析法、频率特性分析法、控制系统的校正、线性离散控制系统、非线性控制系统分析等。 | |
| 510 | 1 | @aAutomatic control theory@zeng |
| 606 | 0 | @a自动控制理论@Azi dong kong zhi li lun@x高等学校@j教材 |
| 690 | @aTP13@v5 | |
| 701 | 0 | @a李素玲@Ali su ling@4主编 |
| 801 | 0 | @aCN@c20221025 |
| 905 | @a河南城建学院图书馆@dTP13@eL2632 | |
| 自动控制理论=Automatic control theory/李素玲主编.-第2版.-北京:机械工业出版社,2022.07 |
| 14, 358页:图, 照片;26cm |
| 21世纪高等院校电气信息类系列教材省级精品课程配套教材立体化·新形态教材机工教育 |
| ISBN 978-7-111-70982-4:CNY79.00 |
| 本书以经典控制理论为主,介绍了自动控制的基本理论与应用。全书共分8章,包括控制系统的数学模型、时域分析法、根轨迹分析法、频率特性分析法、控制系统的校正、线性离散控制系统、非线性控制系统分析等。 |
| ● |
| 相关链接 |
|
|
|
正题名:自动控制理论
索取号:TP13/L2632
 
预约/预借
| 序号 | 登录号 | 条形码 | 馆藏地/架位号 | 状态 | 备注 |
| 1 | 1584607 | 215846075 | 自科库301/301自科库 101排4列1层/ [索取号:TP13/L2632] | 在馆 | |
| 2 | 1584608 | 215846084 | 自科库301/ [索取号:TP13/L2632] | 在馆 |